[Event "St Petersburg op"]
[Site "St Petersburg"]
[Date "1995.??.??"]
[Round "7"]
[White "Brodsky, Michail"]
[Black "Orlov, Vassily"]
[Result "1/2-1/2"]
[WhiteElo "2535"]
[BlackElo "2435"]
[Annotator "Svidler,P"]
[PlyCount "81"]
[EventDate "1995.05.??"]
[EventType "swiss"]
[EventRounds "9"]
[EventCountry "RUS"]
[SourceTitle "CBM 046 Extra"]
[Source "ChessBase"]
[SourceDate "1995.07.01"]
[SourceVersion "1"]
[SourceVersionDate "1995.07.01"]
[SourceQuality "1"]

1. d4 Nf6 2. c4 g6 3. Nc3 d5 4. Nf3 Bg7 5. cxd5 Nxd5 6. e4 Nxc3 7. bxc3 c5 8.
Be3 O-O 9. Qd2 Bg4 10. Rb1 (10. Ng5 cxd4 11. cxd4 Nc6 12. h3 Bd7 13. Rb1 Rc8
14. Nf3 Be6 15. Bd3 Na5 16. O-O Bc4 17. Rfc1 b5 18. Bg5 $14 {Karpov,A-Kasparov,
G/Lyon(Wm-17)1990/1:0/40/}) 10... Bxf3 11. gxf3 cxd4 12. cxd4 Nc6 13. d5 Ne5
14. Be2 Rc8 (14... Qd7 15. f4 Ng4 16. Bd4 Bxd4 17. Qxd4 Rfc8 18. O-O $14 Rc2 $4
19. Qd1 $18 {Zsinka,L-Petronic,J/Copenhagen/1989/1:0/61/}) 15. O-O (15. Rxb7 $4
Nxf3+ $1 16. Bxf3 Bc3 $19) 15... Qd7 16. Kg2 (16. Bxa7 $2 Qa4 (16... Qh3 17.
Rb3 $16) 17. Rxb7 Rc2 18. Qd1 Qxa2 19. Bb5 Rd2 20. Qb1 Nxf3+ 21. Kg2 Nh4+ $36
22. Kg3 $2 Qa3+ 23. Be3 (23. Kxh4 Bf6+ 24. Kg4 h5+ 25. Kf4 g5+ 26. Kf5 Qf3#)
23... Rb2 $17) 16... a6 (16... f5 17. f4 Nc4 18. Bxc4 Rxc4 19. e5 Rd8 20. Rfd1
e6 21. d6 g5 22. Rbc1 $1 $16) 17. Rfc1 b5 18. h3 (18. f4 Nc4 19. Bxc4 Qg4+ 20.
Kf1 bxc4 $17) 18... f5 (18... Nc4 19. Bxc4 bxc4 20. Bd4 $13) 19. f4 Nc4 20.
Bxc4 bxc4 21. e5 Rfd8 22. Rd1 e6 (22... Qa4 23. Rb4 (23. Qc3 Rxd5 24. Rxd5 Qc6
25. Rbd1 e6 26. Qd4 Bf8 $10 27. Kf1 exd5 28. Qxd5+ Qxd5 29. Rxd5 Kf7 30. Rd7+
Be7 31. Ra7 Rc6 32. Ke2 Ke6 $13) 23... Qa3 24. Rb7 $16) 23. d6 c3 24. Qc2 g5
25. Rb3 (25. Rd3 gxf4 (25... Qc6+ 26. Kg1 (26. f3 $5 g4 27. hxg4 fxg4 28. Bd4
$13) 26... Qe4 27. Bb6 Rd7 28. Rc1 $1 $13 Rc6 $140 (28... Qxf4 29. Rxc3 Rxc3
30. Qxc3 $16) 29. Rxc3 $1 Qxc2 30. R1xc2 Rxb6 31. Rc7 Rb7 (31... Rd8 32. Rc8
Rb8 33. Rxb8 Rxb8 34. d7 $18) 32. Rxb7 Rxb7 33. Rc8+ Kf7 34. Rc7+ $18) 26. Bd4
(26. Bxf4 Rc4 $36) 26... Rc4 27. Rb3 Rxd4 28. Rxd4 Bxe5 29. Rd1 Qc6+ 30. f3
Rxd6 $17) 25... gxf4 26. Bd4 (26. Bxf4 Rc4 $5 (26... Qa4 27. Bh2 $13) 27. Bh2
Qc6+ 28. Kg1 Kh8 $1 $40 {/\ 29...Rg8}) 26... Qa4 27. Kh2 (27. Bxc3 Bxe5 $17) (
27. Rd3 Bxe5 28. Bxe5 Qe4+ $17) 27... f3 (27... Rc4 $2 28. Bxc3 Bxe5 29. Rg1+
Kf8 30. Qe2 $1 Bxc3 31. Qxe6 Bg7 32. Qe7+ $18) 28. Rb2 $2 (28. Qd3 c2 (28...
Qxa2 29. Rxc3 Bxe5+ 30. Kh1 Bxd6 31. Rg1+ Kf8 32. Qe3 Rxc3 33. Bxc3 $44) 29.
Rc1 Qxa2 30. Rc3 Qd5 31. Qe3 $44) 28... Rc4 $2 (28... Qxd4 29. Rxd4 Bxe5+ 30.
Kh1 (30. Kg1 $2 cxb2 31. Qxb2 Rc4 32. Qb6 (32. Rg4+ Rxg4+ 33. hxg4 Bxb2 $19)
32... Rc1+ 33. Rd1 Rxd1#) 30... Bxd4 (30... cxb2 31. Qxb2 Rxd6 (31... Rc4 32.
Rg4+ Rxg4 33. Qxe5 Rg6 $13) 32. Rg4+ fxg4 33. Qxe5 $44) 31. Rb4 Rxd6 $17) 29.
Qxa4 Rxa4 30. Rb7 Rxd4 (30... c2 $6 31. Rg1 Kh8 (31... c1=Q 32. Rxc1 Rxd4 33.
Rg1 $16) (31... Rxd4 32. Rgxg7+ Kf8 33. Rxh7 Kg8 34. Rhc7 Rd2 35. Kg3 $16) 32.
Bb2 $5 (32. Rgxg7 $10) 32... Rxa2 (32... Bh6 33. Rc7 Bf4+ 34. Kh1 c1=Q 35. Bxc1
Bxe5 36. Bg5 Rg8 37. d7 $16) 33. Rgxg7 Rxb2 34. Rxh7+ Kg8 35. Rbg7+ Kf8 36. Rc7
Kg8 37. Rhe7 $16) 31. Rg1 Rg4 32. hxg4 Bxe5+ 33. Kh3 f4 34. d7 Bd4 (34... Kf7
35. Rd1 (35. g5 $6 Bd4 36. Kg4 Bxf2 37. Rc1 Be3 $1 $17) 35... h6 $1 $13 (35...
Ke7 36. g5 $16)) 35. g5 (35. Rc1 Kf7 36. g5 Bxf2 37. Rxc3 Be3 38. Rc8 Ke7 $13)
35... Bxf2 36. Rf1 Be3 37. Rc7 Kf8 (37... f2 $2 38. Rc8 Bb6 39. Rxf2 $18) 38.
Rxf3 c2 (38... Ke7 39. Rxc3 Rxd7 40. Kg4 $132) 39. Rxc2 Rxd7 40. Kg4 Rd1 41.
Rh3 (41. Rc6 Rg1+ 42. Kh5 Kf7 43. Rxa6 e5 $17) (41. Rh3 Rg1+ 42. Kf3 Kf7 (42...
Rxg5 43. Rxh7 $16) 43. Rh6 $1 $14 (43. Rc7+ Kg6 44. Rh6+ Kf5 45. Rf7+ Ke5 46.
Re7 Rg3+ 47. Ke2 Rg2+ 48. Kf3 Rg3+ $10)) 1/2-1/2

[Event "EU-Cup 31st"]
[Site "Skopje"]
[Date "2015.10.19"]
[Round "2.1"]
[White "Swiercz, Dariusz"]
[Black "Howell, David"]
[Result "1-0"]
[WhiteElo "2620"]
[BlackElo "2705"]
[Annotator "Swiercz,D"]
[PlyCount "63"]
[EventDate "2015.10.18"]
[EventType "team-swiss"]
[EventRounds "7"]
[EventCountry "MKD"]
[SourceTitle "CBM 169"]
[Source "ChessBase"]
[SourceDate "2015.11.10"]
[SourceVersion "1"]
[SourceVersionDate "2015.11.10"]
[SourceQuality "1"]
[WhiteTeam "Modena"]
[BlackTeam "Cheddleton"]
[WhiteTeamCountry "ITA"]
[BlackTeamCountry "ENG"]

1. d4 Nf6 2. c4 g6 3. Nc3 d5 4. cxd5 Nxd5 5. e4 Nxc3 6. bxc3 Bg7 7. Qa4+ Qd7 8.
Bb5 {This is a quite tricky and recently popular line against the Grünfeld. I
hadn't played it before and my opponent was visibly surprised as he was
spending quite a lot of time in the opening.} c6 9. Be2 O-O 10. Qa3 {It's
important to start with this move as} (10. Nf3 {allows} c5 {and now in the
event of} 11. Qa3 (11. Bb5 {was in Ivanisevic-Giri, but Black seems to be fine
there:} Qg4 12. O-O cxd4 13. Ba3 Nc6 14. cxd4 Qxe4 15. Rfe1 Qd5 16. Bc4 Qa5 17.
Qxa5 Nxa5 18. Bd5 Nc6 19. Bxe7 Re8 20. Bc5 Be6 $11 {Ivanisevic-Giri 2012}) {
Black is clearly OK after} 11... cxd4 $1 12. cxd4 Nc6 13. Be3 Nxd4 (13... Qg4
$5 {is even stronger and White needs to fight for equality. The point is that}
14. Ng5 $2 {does not work due to} (14. O-O Qxe4 {and White needs to look hard
for compensation there.}) 14... Nxd4 $1 $19) 14. Bxd4 Bxd4 15. Rd1 e5 16. O-O
Re8 17. Rd2 Qe7 18. Qxe7 Rxe7 19. Nxd4 exd4 20. Rxd4 Be6 {1/2 (20) Riazantsev,
A (2671)-Grigoriants,S (2594) St Petersburg RUS 2015}) 10... b6 11. Nf3 c5 12.
O-O Bb7 {I think that this move is slightly dangerous for Black.} ({Two days
later I used the same line against GM Baron Tal and he played} 12... cxd4 13.
cxd4 Bb7 14. Qe3 Nc6 15. Bb2 Rac8 16. Rab1 e6 17. Rfd1 Rfd8 18. h4 {with some
pressure, but the position is far from being clear.}) 13. d5 $1 e6 14. Be3 exd5
15. Rad1 $1 {This is the point. Black faces some unpleasant tension in the
centre.} Nc6 {This is a novelty and most probably better than the move which
had been played so far.} (15... d4 {was played afew times previously, but
Black's position is very shaky.} 16. cxd4 Bxe4 17. dxc5 Qb7 18. Rfe1 Nd7 19.
Ba6 Qc7 20. Bb5 Nf6 21. Bd4 {with a clear advantage for White, as happened in
2 games of GM Maxim Matlakov.}) 16. exd5 Ne5 {Exchanging the knights is in
White's favour as Black has a bad Bb7 and if the knights exchange, the Bb7
problem will get bigger for Black.} ({In my opinion it was better to try to
keep the knights on the board with} 16... Ne7 17. c4 Nf5 {but still after} 18.
Bf4 {I think White is slightly better due to his space advantage and the very
strong pawn on d5, which restricts Black's possibilities. Of course Black can
play this position but in the long run most probably it will be unpleasant.})
17. c4 Rfe8 18. Rfe1 Nxf3+ (18... Ng4 19. Bc1 {trying to keep the knights on
the board doesn't make much sense as Ng4 doesn't improve its position.}) 19.
Bxf3 Be5 20. Re2 Bd6 $2 {I think that this is the first quite serious mistake
as starting from this move Black follows a wrong plan.} (20... Qd6 21. g3 Re7 {
with the idea Rae8 was a better defence but still Black's position is
unpleasant.}) 21. Rde1 Qf5 22. Bc1 $1 {A strong move, I take under control the
e-file.} Rxe2 23. Rxe2 {Now it's clear why ...Bd6 was a mistake - White
threatens Qc3-Bb2 and Black's king position is very vulnerable.} b5 {Black
tries to get some kind of counterplay and activate the Bb7.} (23... Qb1 24. Qc3
Bf4 25. Re1 Bxc1 26. Rxc1 Qb4 27. Qe5 $16 {with a big advantage. Now even
h4-h5 is coming.}) (23... Be5 24. h4 $16 {with serious problems as well.}) 24.
g4 $1 {I like this move as it practically puts Black in a very uncomfortable
situation, especially in time trouble (David had less than 10 minutes here).}
Qb1 $2 {A big mistake, but it was very difficult to decide to play ...Qf6 with
the threat of Bb2-Qc3, especially in time trouble!} (24... Qf6 {was better but
White maintains good winning chances anyway:} 25. Bb2 Qf4 26. Qc3 f6 {the only
move} 27. Qxf6 Qxf6 28. Bxf6 bxc4 29. Re6 Bf8 30. g5 $16) 25. cxb5 Qxb5 {
This move loses on the spot, but anyway the position was very difficult.} (
25... Rd8 {was more stubborn but after} 26. Qb2 Qxb2 27. Bxb2 {White is just a
pawn up with a huge advantage.}) 26. Qc3 $1 $18 {White's queen comes to f6 and
Black's position collapses.} Qb4 27. Qf6 Qd4 28. Qxd6 Qd1+ 29. Kg2 Qxc1 30. Re7
Qb2 31. Qc7 Ba6 32. Qc6 1-0

[Event "NOR-ch"]
[Site "Larvik"]
[Date "2019.07.09"]
[Round "5"]
[White "Urkedal, Frode Olav Olsen"]
[Black "Tari, Aryan"]
[Result "0-1"]
[WhiteElo "2566"]
[BlackElo "2620"]
[Annotator "Tari,Aryan "]
[PlyCount "138"]
[EventDate "2019.07.05"]
[EventType "swiss"]
[EventRounds "9"]
[EventCountry "NOR"]
[SourceTitle "CBM 191 Extra"]
[Source "ChessBase"]
[SourceDate "2019.09.30"]
[SourceVersion "1"]
[SourceVersionDate "2019.09.30"]
[SourceQuality "1"]

{[%evp 0,115,32,23,23,-12,41,38,51,54,47,47,47,47,47,47,47,41,9,20,22,22,85,52,
51,34,38,39,41,61,61,74,57,81,50,29,36,52,75,89,83,66,66,80,87,78,78,90,89,89,
101,96,91,112,109,103,82,80,71,35,31,11,6,10,0,0,0,-1,32,39,41,33,35,27,29,33,
32,26,36,33,37,46,50,53,33,0,33,28,40,49,38,86,106,45,107,132,148,98,79,125,
105,76,190,73,60,59,232,217,185,14,185,14,9,0,1385,29976,29989,29990]} 1. c4 g6
2. Nf3 Bg7 3. d4 Nf6 4. Nc3 d5 5. cxd5 Nxd5 6. e4 Nxc3 7. bxc3 c5 8. Be3 Qa5 9.
Qd2 O-O 10. Rc1 {Magnus Carlsen has played this with a lot of success recently,
which might be the reason my opponent decided to play like this.} Rd8 (10...
cxd4 11. cxd4 Qxd2+ 12. Nxd2 $14 {seems to be simpler to play for White, who
should be a bit better. 1-0 (58) Carlsen,M (2875)-Mamedyarov,S (2774)
Stavanger 2019}) 11. d5 e6 12. Bg5 f6 13. Be3 Nc6 14. Bd3 Ne7 {Very unusual
move, but has gained some popularity in recent years. Ivan Salgado was one of
the first who played this line, actually against me in the Turkish League 3
years ago and equalized quite easily. I decided to have a look at it from the
Black side.} (14... exd5 15. exd5 c4 {This used to be popular, until Leko won
a very nice game against Topalov in 2011.} 16. Bxc4 Be6 17. Rd1 Ne7 18. dxe6
Rxd2 19. Rxd2 Qxc3 20. Bb3 {White has sacrificed his queen for a rook and a
piece, but has a very powerful pawn on e6. White went on to win a nice game in
1-0 (41) Leko,P (2720)-Topalov,V (2768) Porto Carras 2011}) 15. c4 {Only move
that makes sense. Otherwise the center falls.} Qxd2+ 16. Nxd2 (16. Bxd2 {
is also possible, as played by Yu Yangyi against Svidler twice last year.} b6
17. O-O Bd7 18. Rfe1 Nc8 19. e5 exd5 20. cxd5 fxe5 21. Nxe5 Nd6 {0-1 (75) Yu,Y
(2759)-Svidler,P (2753) Shenzhen 2018}) 16... b6 {So far I had seen this all
before, so it was kind of preparation. I believe that Black should be fine in
this endgame. It could seem a bit strange to play like this for Black, and I
was also a bit surprised when Salgado did it against me. White has more space
and it looks like he should be better, but it is not easy at all. Black has
some deep ideas in this posistion. White has to always take care of some f5-g5
stuff. Also it is not that easy for White to find a plan.} 17. Be2 $6 {Seemed
a bit strange to me. I'm not sure why the bishop should be better placed on e2
than d3.} (17. Ke2) (17. O-O {seems like a more logical move. In the game
White did this anyway but with the B on e2.}) 17... Re8 (17... f5 $1 {is
usually always a good move when it is possible. Black opens up for his bishop
and there are no drawbacks by doing that.} 18. f3 Re8 {[%csl Gg7][%cal Ge8e1]
with such a strong bishop on g7, Black definetly has a good game. It is still
not clear to me how White should come up with a plan here, while Black's moves
are easier.}) 18. O-O Bd7 (18... f5 {is again possible. I thought I should
develop and get ready before playing this, but Black is ready.} 19. Bf3 fxe4
20. Nxe4 exd5 21. Nd6 Rf8) 19. Rfe1 f5 20. f3 h6 $1 {I was very happy with
this move. Black is preparing g5, taking more space on the kingside, and
creating a square for my knight on g6.} (20... exd5 21. cxd5 Nxd5 $4 {would
obviously be a huge blunder, as after} 22. Bc4 $18 {Black drops a piece.}) 21.
h4 {A good move, which stops my idea. But at the same time I was happy with my
posistion out from the opening. With a monster-bishop on g7, I believe that
Black's play is again easier here.} Kh7 {Improving the king and threatening to
win a pawn with exd5-Nxd5, which explains my opponent's next move.} 22. Bf2 Be5
{Taking control of the dark squares, and stopping White from potentially
playing f3-f4.} (22... f4 {was also interesting to me, taking fully control of
the dark squares.}) 23. g3 {Good move, as if I played f5-f4, g3 would not be
possible.} f4 24. Kg2 Nc8 {The knight is better placed on d6 than e7, so this
seemed logical to me.} 25. Bd3 Nd6 26. Re2 $2 {The rook is not well placed
here.} (26. gxf4 $1 Bxf4 27. Be3 {Challenging Black on the dark squares. This
would be very clever, as the posistion could also be double-edged now. Black
is forced to take, otherwise f3-f4 would come.} Bxe3 28. Rxe3 e5 {what I was
counting on, but still} 29. f4 $1 exf4 30. Rf3 {[%cal Gf3f4] White also gets
play now, and is more active than in the game.}) 26... g5 $1 $15 {securing the
"monster" bishop on e5. I was getting more and more happy from here. White is
just quite passive without a good plan here, while Black's pieces are better
than White's.} 27. hxg5 hxg5 28. Nf1 Kg7 29. Nh2 exd5 30. exd5 {Forced.} (30.
cxd5 Rh8 $1 {[%cal Gd7h3] would be killing.} (30... c4 31. Bxc4 Nxc4) {The
threat of Bh3+ forces White to play} 31. g4 c4 $1 {Black is totally dominating}
32. Bxc4 Nxc4 33. Rxc4 Bb5 $19) 30... fxg3 31. Bxg3 Bxg3 32. Kxg3 Rxe2 33. Bxe2
{The posistion has simplified. I was quite happy with the outcome, as I'm just
better and playing for two results here. My knight is very strong on d6, and
also his pawns are weaker than mine. A very hard posistion to defend.} Rh8 {
Activating the last piece.} 34. Bd3 (34. Bf1 $1 Rh4 35. Re1 Kf6 36. Ng4+) 34...
Rh3+ 35. Kg2 Rh4 $17 {[%csl Gc4]} 36. Rc3 Kf6 {The only thing Black is missing
is to get the king in.} 37. Be2 Bh3+ 38. Kg3 Bc8 {Creating Ba6 ideas in some
posistions, and at the same time threatening a nasty tactic with Ne4+, winning
material.} 39. Ra3 (39. Nf1 $4 {what I was hoping for, as after} Ne4+ 40. fxe4
Rh3+ {the game would be over.}) 39... Rh3+ 40. Kg2 Rh7 41. Ng4+ $2 (41. Nf1 $17
{would be a better move.} Ke5) 41... Bxg4 42. fxg4 Ke5 $19 {[%csl Gd6,Ge2]
Black is in time. We have a typical good knight vs bad bishop endgame. As my
king also gets to d4, this is just a winning posistion. The rest is a matter
of technic, which was quite bad from my side:} 43. Re3+ Kd4 44. Rd3+ Ke4 45.
Rd1 Ke3 46. Bf1 Rf7 47. Rd3+ Ke4 48. Rd2 Kf4 $2 (48... Rf4 $1 $19 {would be
very simple. Starting to collect the pawns, and not allowing counterplay.} 49.
Re2+ Kd4 50. Re6 Nxc4 {The c4-pawn was very important. Now everything falls.}
51. d6 (51. Bxc4 Kxc4 52. d6 Rxg4+ 53. Kf3 Rf4+ 54. Kg3 Rd4) 51... Ne3+ $19)
49. Re2 $1 {Where I realized I had messed a bit up.} Rf6 $1 $17 {It was quite
important to not allow Re6.} (49... Kxg4 50. Re6 Nf5 {was my intention.} (50...
Rd7 {is just way too passive:} 51. Rf6 $1 {[%cal Gf1e2,Gf6h6] threatening to
deliver mate.}) {But I had missed} 51. Re4+ $1 {driving my king away and
getting active.} Kh5 52. Be2+) 50. Re7 (50. Rf2+ {was a very important
variation to calculate.} Ke5 51. Rxf6 Kxf6 52. Kf3 Ke5 53. Ke3 {I had to make
sure this posistion was winning, which I thought it was after} b5 54. cxb5 Kxd5
{and it is winning, as my knight is better than his bishop, and the c-pawn
will start to roll.} 55. a4 Nc4+) 50... Kxg4 {Changing my a-pawn for his
g-pawn. The g4-pawn seemed more important to me, as my pawn will start to go
forward.} 51. Rxa7 Nf5 {My opponent was down to 2-3 minutes here, playing only
on the 30 sec increment which obviously increased my chances of winning the
game.} 52. Be2+ Kf4 53. Bd3 Nh4+ 54. Kf2 g4 $6 (54... Ke5+ 55. Ke2 Kd4 {
[%cal Gh4f3,Gf3e5] The king is ideally placed on the center of the board.} 56.
Re7 Nf5 $1) 55. Rg7 $6 (55. Re7 $1 $11 {A very good move, which creates a
threat of Re6 in some variatons, as well as Re4+, driving my king away.} g3+
56. Kg1 Nf3+) 55... Nf3 {Manouevering the knight to a better square.} 56. Be2
Ne5 57. Rg8 Ng6 58. Kg2 (58. Re8 $1 {again the rook is well placed here.} Ne5
59. Re6 {this important resource makes it very hard to win.} Rxe6 60. dxe6 Nc6
61. Bd1 $11) 58... g3 59. Bh5 (59. Re8) 59... Nh4+ 60. Kh3 Nf5 61. Rg4+ Ke3 62.
Kg2 $2 {A final blunder in time trouble, which loses the game immediately.} (
62. Bg6 $1 {White could still fight with this move, and he has drawing chances.
But with low time, it would of course be far from an easy task.} Kf3 63. Bh5 (
63. Rg5 Ne3 (63... Rf8 $4 64. Rxf5+ Rxf5 65. Bxf5 g2 66. Be4+) 64. Rxg3+ Kf4)
63... Kf2 64. a4 $17) 62... Rh6 $1 $19 {[%cal Gh6h2] If the bishop moves, the
rook comes to h2 which wins the game immediately.} (62... Kd3 63. Rf4 $1 Ke3
64. Rf1) 63. Rg5 Kf4 64. Rg4+ Ke5 65. Be8 (65. Rg5 Kf6 {and Black wins
material and the game.}) 65... Rh2+ (65... Ne3+ $2 66. Kxg3 Nxg4 67. Kxg4 {
would be a huge mistake, as White has good fortress chances here.} Rh2 68. a4
Rc2 69. Bb5 $11) 66. Kg1 Rxa2 67. Bd7 Ra1+ 68. Kg2 Ne3+ 69. Kxg3 Rg1+ 0-1